书目信息 |
| 题名: |
人们为什么不信任政府
|
|
| 作者: | 奈 , 泽利科 , 金 编 ;朱芳芳 译 | |
| 分册: | ||
| 出版信息: | 北京 商务印书馆 2015 |
|
| 页数: | 11,312页 | |
| 开本: | 24cm | |
| 丛书名: | 公共管理名著译丛 | |
| 单 册: | ||
| 中图分类: | D771.231 | |
| 科图分类: | ||
| 主题词: | 国家行政机关--guo jia hang zheng ji guan--研究--美国 | |
| 电子资源: | ||
| ISBN: | 978-7-100-11221-5 | |
| 000 | 01439nam0 22003131 450 | |
| 001 | 1755138691 | |
| 005 | 20170602161318.0 | |
| 010 | @a978-7-100-11221-5@dCNY48.00 | |
| 100 | @a20160126d2015 em y0chiy50 ea | |
| 101 | 1 | @achi@ceng |
| 102 | @aCN@b110000 | |
| 105 | @aa z 000yy | |
| 106 | @ar | |
| 200 | 1 | @a人们为什么不信任政府@Aren men wei shen me bu xin ren zheng fu@dWhy people don't trust government@f(美)小约瑟夫·S. 奈,(美)菲利普·D.泽利科,(美)戴维·C. 金编@g朱芳芳译@zeng |
| 210 | @a北京@c商务印书馆@d2015 | |
| 215 | @a11,312页@c图@d24cm | |
| 225 | 2 | @a公共管理名著译丛@Agong gong guan li ming zhu yi cong@f陈振明主编 |
| 300 | @a“厦门大学哲学社会科学繁荣计划”之公共管理项目支持 | |
| 330 | @a本书首先考察了政府当前的范围、政府的实际绩效以及公民对其绩效的感知。然后,对信任度下降的许多可能理由进行了分析和评价,包括冷战结束、二战后人们预期的提高、经济衰退、全球化效应、人们对政治丑闻的不满以及官僚的无能。书中阐述了有关公众不满来源的种种观点。 | |
| 461 | 0 | @12001 @a公共管理名著译丛 |
| 510 | 1 | @aWhy people don't trust government@zeng |
| 606 | 0 | @a国家行政机关@Aguo jia hang zheng ji guan@x研究@y美国 |
| 690 | @aD771.231@v5 | |
| 701 | 0 | @c(美)@a奈@Anai@c(Nye, Joseph S.)@4编 |
| 701 | 0 | @c(美)@a泽利科@Aze li ke@c(Zelikow, Philip D.)@4编 |
| 701 | 0 | @c(美)@a金@Ajin@c(King, David C.)@4编 |
| 702 | 0 | @a朱芳芳@Azhu fang fang@4译 |
| 801 | 0 | @aCN@bTANGWEI@c20170602 |
| 905 | @b0972171-3@dD771.231@e413@f3 | |
| 人们为什么不信任政府=Why people don't trust government/(美)小约瑟夫·S. 奈,(美)菲利普·D.泽利科,(美)戴维·C. 金编/朱芳芳译.-北京:商务印书馆,2015 |
| 11,312页:图;24cm.-(公共管理名著译丛/陈振明主编) |
| “厦门大学哲学社会科学繁荣计划”之公共管理项目支持 |
| ISBN 978-7-100-11221-5:CNY48.00 |
| 本书首先考察了政府当前的范围、政府的实际绩效以及公民对其绩效的感知。然后,对信任度下降的许多可能理由进行了分析和评价,包括冷战结束、二战后人们预期的提高、经济衰退、全球化效应、人们对政治丑闻的不满以及官僚的无能。书中阐述了有关公众不满来源的种种观点。 |
| ● |
| 相关链接 |
|
|
|
|
正题名:人们为什么不信任政府
索取号:D771.231/413
 
预约/预借
| 序号 | 登录号 | 条形码 | 馆藏地/架位号 | 状态 | 备注 |
| 1 | 0972171 | 209721719 | 第一样本阅览室/ [索取号:D771.231/413] | 在馆 | |
| 2 | 0972172 | 209721728 | 第一借阅区/ [索取号:D771.231/413] | 在馆 | |
| 3 | 0972173 | 209721737 | 第一借阅区/ [索取号:D771.231/413] | 在馆 |